MARC details
| 000 -LEADER |
| fixed length control field |
01749nam a22003618i 4500 |
| 001 - CONTROL NUMBER |
| control field |
020196273 |
| 003 - CONTROL NUMBER IDENTIFIER |
| control field |
EG-ScBUE |
| 005 - DATE AND TIME OF LATEST TRANSACTION |
| control field |
20210808112014.0 |
| 006 - FIXED-LENGTH DATA ELEMENTS--ADDITIONAL MATERIAL CHARACTERISTICS--GENERAL INFORMATION |
| fixed length control field |
m|||||o||d|||||||| |
| 007 - PHYSICAL DESCRIPTION FIXED FIELD--GENERAL INFORMATION |
| fixed length control field |
cr ||||||||||| |
| 008 - FIXED-LENGTH DATA ELEMENTS--GENERAL INFORMATION |
| fixed length control field |
210517s2021 enk fo 001 0 eng d |
| 020 ## - INTERNATIONAL STANDARD BOOK NUMBER |
| International Standard Book Number |
9781788978262 (PDF ebook) |
| 040 ## - CATALOGING SOURCE |
| Original cataloging agency |
StDuBDS |
| Language of cataloging |
eng |
| Description conventions |
rda |
| Transcribing agency |
StDuBDS |
| Modifying agency |
EG-ScBUE |
| 082 04 - DEWEY DECIMAL CLASSIFICATION NUMBER |
| Classification number |
347.014 |
| Item number |
SOU |
| Edition number |
22 |
| 100 1# - MAIN ENTRY--PERSONAL NAME |
| Personal name |
Sourdin, Tania, |
| Relator term |
author. |
| 245 10 - TITLE STATEMENT |
| Title |
Judges, technology and artificial intelligence : |
| Remainder of title |
the artificial judge |
| Medium |
[electronic resourse] / |
| Statement of responsibility, etc |
Tania Sourdin, professor of law, dean, University of Newcastle, Australia. |
| 264 #1 - PUBLICATION, DISTRIBUTION, ETC. (IMPRINT) |
| Place of publication, distribution, etc |
Cheltenham : |
| Name of publisher, distributor, etc |
Edward Elgar Publishing, |
| Date of publication, distribution, etc |
2021. |
| 300 ## - PHYSICAL DESCRIPTION |
| Extent |
1 online resource. |
| 336 ## - CONTENT TYPE |
| Content type term |
text |
| Source |
rdacontent |
| Content type code |
txt |
| 337 ## - MEDIA TYPE |
| Media type term |
computer |
| Source |
rdamedia |
| Media type code |
c |
| 338 ## - CARRIER TYPE |
| Carrier type term |
online resource |
| Source |
rdacarrier |
| Carrier type code |
cr |
| 490 0# - SERIES STATEMENT |
| Series statement |
Elgar law, technology and society |
| 500 ## - GENERAL NOTE |
| General note |
Includes index. |
| 588 ## - Source of Description Note |
| Source of description note |
Description based on print version record and CIP data provided by publisher. |
| 650 #7 - SUBJECT ADDED ENTRY--TOPICAL TERM |
| Topical term or geographic name as entry element |
Judges. |
| Source of heading or term |
BUEsh |
| 9 (RLIN) |
24946 |
| 650 #7 - SUBJECT ADDED ENTRY--TOPICAL TERM |
| Topical term or geographic name as entry element |
Justice, Administration of |
| General subdivision |
Technological innovations. |
| Source of heading or term |
BUEsh |
| 650 #7 - SUBJECT ADDED ENTRY--TOPICAL TERM |
| Topical term or geographic name as entry element |
Artificial intelligence. |
| Source of heading or term |
BUEsh |
| 653 ## - INDEX TERM--UNCONTROLLED |
| Resource For college |
Law |
| Arrived date list |
August2021 |
| 655 ## - INDEX TERM--GENRE/FORM |
| Form subdivision |
Reading book |
| 9 (RLIN) |
34232 |
| 776 08 - ADDITIONAL PHYSICAL FORM ENTRY |
| Display text |
Print version : |
| Main entry heading |
Sourdin, Tania. |
| Title |
Judges, technology and artificial intelligence : the artificial judge. |
| Place, publisher, and date of publication |
Cheltenham : Edward Elgar Publishing, 2021. |
| International Standard Book Number |
9781788978255 |
| Record control number |
(DLC) 1227693508 |
| 856 40 - ELECTRONIC LOCATION AND ACCESS |
| Uniform Resource Identifier |
<a href="https://ezproxy.bue.edu.eg/login?url=http://search.ebscohost.com/login.aspx?direct=true&db=nlebk&AN=2938119&site=eds-live&ebv=EB&ppid=pp_306">https://ezproxy.bue.edu.eg/login?url=http://search.ebscohost.com/login.aspx?direct=true&db=nlebk&AN=2938119&site=eds-live&ebv=EB&ppid=pp_306</a> |
| Link text |
https://ezproxy.bue.edu.eg/login?url=http://search.ebscohost.com/login.aspx?direct=true&db=nlebk&AN=2938119&site=eds-live&ebv=EB&ppid=pp_306 |
| 942 ## - ADDED ENTRY ELEMENTS (KOHA) |
| Source of classification or shelving scheme |
Dewey Decimal Classification |
| Koha item type |
Book - Borrowing |